Macroeconomics; fluctuations, growth and stability.

Salvato in:
Dettagli Bibliografici
Autore principale: Lee, Maurice W. (Maurice Wentworth), 1912-
Natura: Libro
Lingua:English
Pubblicazione: Homewood, Ill., R. D. Irwin, 1963.
Edizione:3d ed.
Serie:Irwin series in economics
Soggetti:
LEADER 01056nam a2200289 4500
001 c000323426
003 CARM
005 00000000000000.0
008 700725s1963 ilua b 00100 eng
010 |a 63010331 /L/r973 
019 1 |a 644474  |5 LACONCORD2021 
035 |a (OCoLC)722569  |5 LACONCORD2021 
050 0 0 |a HB3711  |b .L55 1963 
082 0 0 |a 339  |2 19 
100 1 |a Lee, Maurice W.  |q (Maurice Wentworth),  |d 1912- 
240 1 0 |a Economic fluctuations 
245 1 0 |a Macroeconomics;  |b fluctuations, growth and stability. 
250 |a 3d ed. 
260 |a Homewood, Ill.,  |b R. D. Irwin,  |c 1963. 
300 |a 646 p.  |b illus.  |c 24 cm. 
490 0 |a Irwin series in economics 
500 |a Previous editions published under title: Economic fluctuations. 
504 |a Includes bibliography. 
650 0 |a Business cycles. 
852 8 |b CARM  |h A1:AN23B0  |i B08817  |p 0413377  |f BK 
999 f f |i aa630390-6c2b-58b9-a36d-6f9458cbdc47  |s 66ae177d-115f-5d0f-84cb-4936a7aa4f96 
952 f f |p Can circulate  |a CAVAL  |b CAVAL  |c CAVAL  |d CARM 1 Store  |e B08817  |f A1:AN23B0  |h Other scheme  |i book  |m 0413377